000 00680nam a2200217Ia 4500
003 IN-BaIIA
008 211028s9999 xx s 000 0 eng d
020 _a978-2-7598-1684-2 (Online)
022 _a1633-4760 (Print)
022 _a1638-1963 (Online)
040 _cIIA Library
100 _aLebreton, Y., ed.
_938247
245 4 _aThe Ages of Stars
_h[eBook]
260 _aFrance
_bEDP Sciences
_c2014
300 _a407p.
490 _aEAS Publications Series
700 _aCharbonnel, C.
_938248
700 _aValls-Gabaud, D.
_938249
856 _uhttps://www.eas-journal.org/articles/eas/abs/2014/01/contents/contents.html
_yClick Here to Access eBook
942 _cEB
999 _c20659
_d20659